01174 2200337 4500001002100000005001500021035002000036007000300056008004100059020001900100040002200119082001400141084001600155100002700171245010800198300003100306500006900337650001900406700002900425850001200454504002900466264004400495336002100539337002300560338003800583538007600621852002000697856007500717990002200792990002200814INLIS00000000086242220210715100743 a0010-0721000657ta210715s2013 jkia gs ind d a978-602-2038-3 aYOPDYOGbinderda04223a371.3 a371.3 DON p0 aDoni Swadarmaepenulis10aPenerapan mind mapping dalam kurikulum pembelajaran /cpenulis, Doni Swadarma; penyunting, Ifah Hanifah a1 berkas komputer (6,5 MB) aUntuk mengakses buku ini silakan unduh aplikasi http://ijogja.id 4aMetode belajar0 aIfah Hanifahepenyunting aYOPDYOG aBibliografi halaman: 17831aJakarta :bElex Media Komputindo,c2013 2rdacontentateks 2rdamediaakomputer 2rdacarrierasumber sambung jaring aAndroid : versi 4.0 atau di atasnya, memori 1 GB, layar tampilan 4-inch8 aAplikasi iJogja40ahttp://ijogja.id/publications/books/13923nPerpustakaan Digital iJogja a000491-EPD/B.2016 a000492-EPD/B.2016